Can Japan compete?

Đã lưu trong:
Bibliografiske detaljer
Hovedforfatter: Porter, Michael E.
Format: Bog
Sprog:Undetermined
Udgivet: New York Palgrave 2000
Fag:
Tags: Tilføj Tag
Ingen Tags, Vær først til at tagge denne postø!
Thư viện lưu trữ: Trung tâm Học liệu Trường Đại học Cần Thơ
LEADER 00680nam a2200229Ia 4500
001 CTU_118539
008 210402s9999 xx 000 0 und d
020 |c 8960 
082 |a 382.0952 
082 |b P847 
100 |a Porter, Michael E. 
245 0 |a Can Japan compete? 
245 0 |c Michael E. Porter, Hirotaka Takeuchi, Mariko Sakakibara. 
260 |a New York 
260 |b Palgrave 
260 |c 2000 
650 |a Competition,Competition, international,Industrial management,Industrial policy,Japan 
650 |x Economic conditions 
650 |y 1989- 
650 |z Japan,Japan,Japan 
904 |i Truc 
980 |a Trung tâm Học liệu Trường Đại học Cần Thơ